| 000 | 00446nam a2200181Ia 4500 | ||
|---|---|---|---|
| 005 | 20250620100103.0 | ||
| 008 | 008 250516s9999 xx 000 0 eng d | ||
| 020 | _a9781408886991 | ||
| 040 |
_beng _cSDCL |
||
| 041 |
_aeng _2eng |
||
| 084 | _aO-,3N60:g(S1) Q6 LR | ||
| 100 |
_aGaiman, Neil _9459819 |
||
| 245 | 0 | _aCoraline | |
| 260 |
_aLondon: _bBloomsbury, _c2016. |
||
| 300 | _axv,191p. | ||
| 650 | _aReference | ||
| 942 |
_cTEXL _2CC |
||
| 999 |
_c1429654 _d1429654 |
||